00454nam a2200145 a 450000500170000000800410001702000150005805000250007310000170009824500830011526000440019830000340024252100070027665000250028320140311163014.0060824s19uu xx 00 eng d a0072228938 aTR 897.7b.F69 2004  aFox, Barrett a3ds max 6 animation:bcg filmmaking from concept to completion /cBarrett Fox. aNew York :bMcGraw-Hill Osborne,c2004. a461 p. :bcol. ill. ;c24 cm. aIT aAdobe (Film Making).